Reglamento para la Dirección General de Estudios (Record no. 183829)

MARC details
000 -LEADER
campo de control de longitud fija 00646nam a2200169 i 4500
001 - NÚMERO DE CONTROL
campo de control 183829
003 - IDENTIFICADOR DE NÚMERO DE CONTROL
campo de control ES-MaACL
005 - FECHA Y HORA DE LA ÚLTIMA TRANSACCIÓN
campo de control 20230906221958.0
008 - DATOS DE LONGITUD FIJA--INFORMACIÓN GENERAL
campo de control de longitud fija 141022s1839 sp l |||| | spa d
080 ## - NÚMERO DE LA CLASIFICACIÓN DECIMAL UNIVERSAL
Número de la Clasificación Decimal Universal 354.32(460).075.5(060.13)
110 1# - ENTRADA PRINCIPAL--NOMBRE DE ENTIDAD CORPORATIVA
Nombre de entidad corporativa o nombre de jurisdicción como elemento de entrada España.
Unidad subordinada Dirección General de Estudios.
9 (RLIN) 155751
245 10 - MENCIÓN DEL TÍTULO
Título Reglamento para la Dirección General de Estudios
Resto del título : aprobado por S.M. la reina gobernadora en Real orden de 20 de noviembre de 1838.
260 ## - PUBLICACIÓN, DISTRIBUCIÓN, ETC.
Lugar de publicación, distribución, etc. [S.l.] :
Nombre del editor, distribuidor, etc. [s.n.],
Fecha de publicación, distribución, etc. 1839 (
Lugar de fabricación/manufactura Madrid :
Fabricante Imp. Nacional)
300 ## - DESCRIPCIÓN FÍSICA
Extensión 18 p. ;
Dimensiones 21 cm.
610 24 - PUNTO DE ACCESO ADICIONAL DE MATERIA--NOMBRE DE ENTIDAD CORPORATIVA
Nombre de entidad corporativa o nombre de jurisdicción como elemento de entrada España.
Unidad subordinada Dirección General de Estudios.
9 (RLIN) 155751
852 ## - LOCALIZACIÓN
Ubicación ES-MaACL
Número de control de estantería T-585-F-4
Holdings
Estatus retirado Estado de pérdida Estado de daño No para préstamo Colección Biblioteca de origen Biblioteca actual Ubicación en estantería Fecha de adquisición Fuente de adquisición Total de préstamos Signatura topográfica completa Código de barras Visto por última vez Precio de reemplazo Tipo de ítem Koha
        Colección de folletos Biblioteca del Ateneo de Madrid Biblioteca del Ateneo de Madrid Depósito folletos 22/10/2014     T-585-F-4 1193275 23/02/2023 23/02/2023 Folleto